Rank one Higgs bundles and representations of fundamental groups of Riemann surfaces /

Guardado en:
Autor Principal: Goldman, William Mark.
Otros Autores: Xia, Eugene Zhu, 1963-
Formato: Libro
Idioma:English
Publicado: Providence, R.I. : American Mathematical Society, c2008.
Series:Memoirs of the American Mathematical Society, no. 904
Materias:
Etiquetas: Agregar Etiqueta
Sin Etiquetas, Sea el primero en etiquetar este registro!
LEADER 01032cam a22002778a 4500
001 MAT.inmabb004833
008 080114s2008####riu######b####000#0#eng##
005 20171010174152.0
245 1 0 |a Rank one Higgs bundles and representations of fundamental groups of Riemann surfaces /  |c William M. Goldman, Eugene Z. Xia. 
260 |a Providence, R.I. :  |b American Mathematical Society,  |c c2008. 
300 |a vii, 69 p. ;  |c 26 cm. 
490 0 |a Memoirs of the American Mathematical Society,  |x 0065-9266 ;  |v no. 904 
500 |a "May 2008, volume 193, number 904 (fourth of 5 numbers)." 
504 |a Bibliografía: p. 67-69. 
510 4 |a MR,  |c 2009e:32009 
020 |a 9780821841365 
100 1 |a Goldman, William Mark. 
700 1 |a Xia, Eugene Zhu,  |d 1963- 
650 0 |a Surfaces, Deformation of. 
650 0 |a Riemann surfaces. 
650 0 |a Geometry, Differential. 
650 0 |a Geometry, Algebraic. 
084 |a 32G13 (14D20 14H55 30F30)  |2 msc2000 
010 |a  2008060005 
040 |a DLC  |c DLC 
859 |k H  |p MAMS-904  |b BIB. MATEMATICA